Statistiques concernant Plaque d'immatriculation

Cliquez ici pour prendre le quiz!

Statistiques générales

  • Ce quiz a été pris 21 fois
  • Le résultat moyen est 5 sur 15

Statistiques - réponses

Réponse% Correct
La combinaison AZF est interdite en {France} (mais dans la Haute-Garonne seulement)
83%
La combinaison SS est interdite en {Allemagne}
80%
La combinaison SS est interdite en {France}
57%
La lettre I n'est pas utilisée en {France}
56%
La combinaison BIT est interdite en {Belgique}
50%
La combinaison FOU est interdite en {Belgique}
50%
La combinaison FUK est interdite en {Belgique}
50%
La combinaison SS est interdite au {Luxembourg}
50%
La combinaison SA est interdite en {Allemagne}
40%
La combinaison CON est interdite en {Belgique}
33%
La combinaison DCD est interdite en {Belgique}
33%
La combinaison HJ est interdite au {Luxembourg}
33%
La combinaison NS est interdite en {Allemagne}
33%
La combinaison SD est interdite au {Luxembourg}
33%
La combinaison KZ est interdite en {Allemagne}
30%
La combinaison KKQ est interdite en {Belgique}
29%
La combinaison PUT est interdite en {Belgique}
29%
La combinaison CD est interdite au {Luxembourg}
25%
La combinaison HH est interdite en {Allemagne}
25%
La combinaison KZ est interdite au {Luxembourg}
25%
La combinaison PD est interdite au {Luxembourg}
25%
La combinaison SD est interdite en {Allemagne}
22%
La combinaison CUL est interdite en {Belgique}
20%
La combinaison SA est interdite au {Luxembourg}
20%
La lettre O n'est pas utilisée en {France}
20%
La lettre U n'est pas utilisée en {France}
20%
La combinaison 88 est interdite en {Allemagne}
14%
La combinaison HH est interdite au {Luxembourg}
14%
La combinaison WC est interdite au {Luxembourg}
14%
La combinaison ZZ est interdite au {Luxembourg}
14%
La combinaison KK est interdite au {Luxembourg}
13%
La combinaison NS est interdite au {Luxembourg}
13%
La combinaison 88 est interdite au {Luxembourg}
11%
La combinaison HJ est interdite en {Allemagne}
10%
La combinaison AA est interdite au {Luxembourg}
0%
La combinaison SEX est interdite en {Belgique}
0%
La lettre I n'est pas utilisée au {Luxembourg}
0%
La lettre O n'est pas utilisée au {Luxembourg}
0%

Distribution des résultats

Percentile par nombre de réponses

% des personnes avec chaque résultat

Votre développement - résultats

Vous n’avez pas pris ce quiz